Statystyki dla Stolice jedenastu najmniejszych państw

Kliknij tutaj aby rozwiązać quiz!

Ogólne statystyki

  • Ten quiz został rozwiązany 9 razy
  • Średni wynik to 6 z 11

Statystyki odpowiedzi

PaństwaStolice% Poprawnych
MonakoMonako
100%
San MarinoSan Marino
100%
WatykanWatykan
100%
LiechtensteinVaduz
89%
MaltaValletta
78%
MalediwyMale
33%
Saint Kitts i NevisBasseterre
22%
TuvaluFunafuti
22%
Wyspy MarshallaMajuro
22%
GrenadaSaint George's
22%
NauruYaren
22%

Rozkład punktacji

Percentyl według liczby udzielonych odpowiedzi

Procent ludzi z każdym wynikiem

Twoja historia wyników

Nie rozwiązałeś tego quizu